000 00626nam a2200169 a 4500
008 101012s2007 ||||||||||||||||| || u
020 _a9780521691413
050 _aQA 564 Has
100 _aHassett, Brendan
245 1 0 _aIntroduction to algebraic geometry
260 _aCambridge:
_bCambridge University Press
_c2007
300 _axii, 252p.: ill
350 _a0.00
650 _aGeometry, Algebraic
650 0 _aMATHEMATICS--HANDBOOKS, MANUALS, ETC
995 _D0.00
_FCBU-MAIN LIBRARY (Kitwe)
_H1
_I0.00
_M1
_UAVAILABLE
_WNov 1, 2010
_ZMain Library Open Access Collection
999 _c47598
_d47598